Analýza tesnosti pokrytia jadrového paliva v podmienkach dočasného skladovania

Gespeichert in:
Bibliographische Detailangaben
1. Verfasser: Kaizer, Martin (Verfasst von)
Weitere Verfasser: Mikloš, Marek, 1981- (Betreuung Doktorarbeit), Slugeň, Vladimír, 1962- (Betreuung Doktorarbeit)
Format: Manuskript Buch
Sprache:Slowakisch
Veröffentlicht: Bratislava : STU v Bratislave FEI, 2007
Schlagworte:
Tags: Tag hinzufügen
Keine Tags, Fügen Sie das erste Tag hinzu!

MARC

LEADER 00000ntm a22000003a 4500
001 stu154917
005 20160719165035.6
008 080114s2007----xo------------------slo-d
040 |a STU  |b slo 
041 0 |a slo 
044 |a xo 
100 1 |a Kaizer, Martin  |4 aut 
245 1 |a Analýza tesnosti pokrytia jadrového paliva v podmienkach dočasného skladovania 
260 |a Bratislava :  |b STU v Bratislave FEI,  |c 2007 
300 |a 68 s 
650 7 |a Elektroenergetika  |2 stusub 
650 7 |a jadrové palivá  |2 stusub 
650 7 |a vyhorené jadrové palivo  |2 stusub 
650 7 |a skladovanie  |2 stusub 
700 1 |a Mikloš, Marek,  |d 1981-  |4 ths  |u E160  |U FEI Fakulta elektrotechniky a informatiky  |T FEI Katedra jadrovej fyziky a techniky  |X 10299  |U E160  |Y 63  |7 A000010299 
700 1 |a Slugeň, Vladimír,  |d 1962-  |4 ths  |u E060  |U FEI Fakulta elektrotechniky a informatiky  |T FEI Ústav jadrového a fyzikálneho inžinierstva  |X 1909  |U E060  |Y 817  |7 A000001909